Griša. Světlo a stíny /
Fantasy román je začátkem trilogie, v níž hlavní hrdinka zjistí, že má magickou moc, která může všechny zachránit, ale i zničit.
Uloženo v:
| Série: | Griša,
část 1 |
|---|---|
| Hlavní autor: | |
| Další autoři: | , , |
| Médium: | E-audiokniha |
| Jazyk: | Czech |
| Vydáno: |
Praha :
Voxi,
[2022]
|
| Témata: | |
| Příbuzné jednotky: | Z cyklu::
Griša |
| Tagy: |
Žádné tagy |
| LEADER | 04888nim a2201069 i 4500 | ||
|---|---|---|---|
| 001 | 313127 | ||
| 003 | CZ PrSKC | ||
| 005 | 20260601215736.0 | ||
| 007 | sd fungnnmmned | ||
| 008 | 221021t20222022xr nnnnj f n cze | ||
| 015 | |a cnb003465870 | ||
| 024 | 3 | |a 8594050434028 | |
| 040 | |a ABA001 |b cze |e rda | ||
| 041 | 1 | |d cze |h eng | |
| 072 | 7 | |a 821.111(73)-3 |x Americká próza |2 Konspekt | |
| 072 | 7 | |a 821-93 |x Literatura pro děti a mládež (beletrie) |2 Konspekt | |
| 080 | |a 821.111(73)-31 |2 MRF | ||
| 080 | |a (0:82-312.9) |2 MRF | ||
| 080 | |a (086.7.053.2) |2 MRF | ||
| 080 | |a (086.7)08 |2 MRF | ||
| 080 | |a (086.76) |2 MRF | ||
| 100 | 1 | |a Bardugo, Leigh, |d 1975- |7 ola2017940808 |4 aut | |
| 240 | 1 | 0 | |a Shadow and bone. |l Česky |
| 245 | 1 | 0 | |a Griša. |p Světlo a stíny / |c Leigh Bardugo ; z anglického originálu Shadow and bone přeložila Julie Žemlová |
| 246 | 3 | 0 | |a Světlo a stíny |
| 264 | 1 | |a Praha : |b Voxi, |c [2022] | |
| 264 | 4 | |c ©2022 | |
| 300 | |a 1 audiodisk (9 hod., 51 min.) ; |c 12 cm | ||
| 306 | |a 095100 | ||
| 336 | |a mluvené slovo |b spw |2 rdacontent | ||
| 337 | |a audio |b s |2 rdamedia | ||
| 338 | |a audiodisk |b sd |2 rdacarrier | ||
| 344 | |a digital |b optical |2 rda | ||
| 347 | |a audio soubor |b MP3 |2 rda | ||
| 500 | |a Název z disku | ||
| 500 | |a Copyright Albatros Media | ||
| 500 | |a Podle stejnojmenné knihy vydané nakladatelstvím Fragment v roce 2017 | ||
| 500 | |a Nezkrácená audiokniha ve formátu mp3 | ||
| 508 | |a Režie Miloš Vrána | ||
| 511 | 0 | |a Čte Kristýna Skružná | |
| 520 | 2 | |a Fantasy román je začátkem trilogie, v níž hlavní hrdinka zjistí, že má magickou moc, která může všechny zachránit, ale i zničit. |b Ravka byla kdysi mocná země, ale nyní je zpustošena válkami, obklopena nepřáteli a všude panuje strach. Když je regiment Aliny Starkové napaden a jejímu nejlepšímu kamarádovi hrozí smrt, odhaluje v sobě Alina skrytou sílu. Sílu, která by mohla být klíčem k osvobození rozvrácené země. Opouští tak svět, který znala, aby se stala grišou - příslušnicí mocného řádu kouzelníků, kterému vládne záhadný Temnyj. Jenže v tomhle světě nic není, jak se zdá... Nakladatelská anotace. | |
| 655 | 7 | |a americké romány |7 fd131796 |2 czenas | |
| 655 | 7 | |a fantasy romány |7 fd184199 |2 czenas | |
| 655 | 7 | |a zvukové záznamy pro děti a mládež |7 fd186726 |2 czenas | |
| 655 | 7 | |a audioknihy |7 fd119452 |2 czenas | |
| 655 | 7 | |a kompaktní disky |7 fd201991 |2 czenas | |
| 700 | 1 | |a Žemlová, Julie |7 xx0147330 |4 trl | |
| 700 | 1 | |a Vrána, Miloš |7 xx0209201 |4 drt | |
| 700 | 1 | |a Skružná, Kristýna, |d 1993- |7 xx0284282 |4 nrt | |
| 787 | 0 | 8 | |i Z cyklu: |t Griša |g 1 |
| 900 | |a ABA001 |b 19 | ||
| 044 | |a xr | ||
| 505 | 0 | 0 | |t 01_Predtim (11 min., 18 sek.) |
| 505 | 0 | 0 | |t 02_Kapitola 1A (16 min., 5 sek.) |
| 505 | 0 | 0 | |t 03_Kapitola 1B (17 min., 24 sek.) |
| 505 | 0 | 0 | |t 04_Kapitola 2 (13 min., 38 sek.) |
| 505 | 0 | 0 | |t 05_Kapitola 3A (15 min., 7 sek.) |
| 505 | 0 | 0 | |t 06_Kapitola 3B (19 min., 26 sek.) |
| 505 | 0 | 0 | |t 07_Kapitola 4A (17 min., 49 sek.) |
| 505 | 0 | 0 | |t 08_Kapitola 4B (15 min., 23 sek.) |
| 505 | 0 | 0 | |t 09_Kapitola 5A (15 min., 27 sek.) |
| 505 | 0 | 0 | |t 10_Kapitola 5B (8 min., 53 sek.) |
| 505 | 0 | 0 | |t 11_Kapitola 6 (19 min., 45 sek.) |
| 505 | 0 | 0 | |t 12_Kapitola 7A (14 min., 17 sek.) |
| 505 | 0 | 0 | |t 13_Kapitola 7B (13 min., 11 sek.) |
| 505 | 0 | 0 | |t 14_Kapitola 8A (14 min., 28 sek.) |
| 505 | 0 | 0 | |t 15_Kapitola 8B (13 min., 59 sek.) |
| 505 | 0 | 0 | |t 16_Kapitola 9 (16 min., 24 sek.) |
| 505 | 0 | 0 | |t 17_Kapitola 10 (13 min., 31 sek.) |
| 505 | 0 | 0 | |t 18_Kapitola 11 (20 min., 32 sek.) |
| 505 | 0 | 0 | |t 19_Kapitola 12A (13 min., 31 sek.) |
| 505 | 0 | 0 | |t 20_Kapitola 12B (15 min., 50 sek.) |
| 505 | 0 | 0 | |t 21_Kapitola 13A (11 min., 23 sek.) |
| 505 | 0 | 0 | |t 22_Kapitola 13B (13 min., 52 sek.) |
| 505 | 0 | 0 | |t 23_Kapitola 14A (20 min., 11 sek.) |
| 505 | 0 | 0 | |t 24_Kapitola 14B (16 min., 32 sek.) |
| 505 | 0 | 0 | |t 25_Kapitola 14C (21 min., 9 sek.) |
| 505 | 0 | 0 | |t 26_Kapitola 15 (15 min., 43 sek.) |
| 505 | 0 | 0 | |t 27_Kapitola 16A (13 min., 18 sek.) |
| 505 | 0 | 0 | |t 28_Kapitola 16B (23 min., 44 sek.) |
| 505 | 0 | 0 | |t 29_Kapitola 17A (7 min., 35 sek.) |
| 505 | 0 | 0 | |t 30_Kapitola 17B (20 min., 57 sek.) |
| 505 | 0 | 0 | |t 31_Kapitola 18 (19 min., 32 sek.) |
| 505 | 0 | 0 | |t 32_Kapitola 19 (23 min., 18 sek.) |
| 505 | 0 | 0 | |t 33_Kapitola 20 (19 min., 33 sek.) |
| 505 | 0 | 0 | |t 34_Kapitola 21 (21 min., 0 sek.) |
| 505 | 0 | 0 | |t 35_Kapitola 22A (24 min., 58 sek.) |
| 505 | 0 | 0 | |t 36_Kapitola 22B (8 min., 49 sek.) |
| 505 | 0 | 0 | |t 37_Potom (3 min., 18 sek.) |
| 910 | |a RBIT002 | ||
| 998 | |d 357811 |a https://core.palmknihy.cz/api/books/357811/cover?skr7k5 |b https://core.palmknihy.cz/api/books/357811/cover/400?skr7k5 |c https://core.palmknihy.cz/api/books/357811/cover/50?skr7k5 |e 2027-04-01 |i 8594050434028 |l 35460 |q 49 |r 1 |s https://www.palmknihy.cz/kniha/357811 |t audiobook |y 2022 |z 0 |v Griša |w 1 | ||
| 999 | |d 313125 | ||